[Event "M.Chigorin Memorial"]
[Site "St. Petersburg RUS"]
[Date "2009.10.19"]
[Round "4.50"]
[White "Babujian, Levon"]
[Black "Duzhakov, Ilya"]
[Result "1-0"]
[WhiteElo "2474"]
[BlackElo "2321"]
[PlyCount "69"]
[EventDate "2009.??.??"]

1. e4 c5 2. Nf3 d6 3. d4 cxd4 4. Nxd4 Nf6 5. Nc3 a6 6. Bc4 e6 7. O-O b5 8. Bb3
b4 9. Na4 Nxe4 10. Re1 d5 11. Bf4 Bd6 12. Bxd6 Qxd6 13. f3 Nf6 14. Nf5 Qd8 15.
Nxg7+ Kf8 16. Qd2 h6 17. Nh5 Nxh5 18. Qxb4+ Kg8 19. Nb6 Ra7 20. Nxd5 Rb7 21.
Qg4+ Qg5 22. Qd4 Qg7 23. Qd3 Rd7 24. Re4 Qxb2 25. Rae1 Bb7 26. Rxe6 fxe6 27.
Rxe6 Qa1+ 28. Kf2 Nf4 29. Nf6+ Kg7 30. Nh5+ Kf8 31. Qf5+ Rf7 32. Qc5+ Kg8 33.
Nxf4 Kh7 34. Rxh6+ Kg7 35. Rg6+ 1-0

[Event "M.Chigorin Memorial"]
[Site "St. Petersburg RUS"]
[Date "2009.10.19"]
[Round "4.51"]
[White "Vastrukhin, Oleg"]
[Black "Rozum, Ivan"]
[Result "0-1"]
[WhiteElo "2315"]
[BlackElo "2457"]
[PlyCount "140"]
[EventDate "2009.??.??"]

1. e4 c6 2. d4 d5 3. Nc3 dxe4 4. Nxe4 Bf5 5. Ng3 Bg6 6. N1e2 e6 7. Nf4 Bd6 8.
Bc4 Nf6 9. c3 Nbd7 10. Qe2 Nb6 11. Bb3 Nbd5 12. Nxd5 Nxd5 13. h4 Bxg3 14. fxg3
h5 15. O-O Qd7 16. Bg5 f6 17. Bd2 O-O-O 18. Rad1 Bf5 19. Qf2 Bg4 20. Rc1 Kb8
21. Bc2 Ka8 22. a4 Rhe8 23. c4 Ne7 24. Be3 Nf5 25. Bxf5 exf5 26. Rfe1 Re4 27.
d5 Rde8 28. Qd2 Qd8 29. Bf2 Be2 30. Qb4 cxd5 31. Qc5 d4 32. a5 R8e5 33. Qb4 d3
34. Qd2 Qc8 35. c5 Qc6 36. b4 a6 37. Rc3 Rg4 38. b5 axb5 39. a6 bxa6 40. Ra3
Ree4 41. Qa2 Kb7 42. Qf7+ Kb8 43. Qg8+ Kc7 44. Rea1 Ra4 45. Rxa4 Rxa4 46. Rxa4
bxa4 47. Be3 Qe4 48. Bf4+ Kc6 49. Qc8+ Kb5 50. Kf2 Qc6 51. Qb8+ Kxc5 52. Be3+
Kc4 53. Qb2 Qb5 54. Qc1+ Kd5 55. Qc3 Bg4 56. Qc8 f4 57. Qd8+ Qd7 58. Qa8+ Kc4
59. gxf4 Qe6 60. Qd8 Qd5 61. Qc7+ Kb3 62. Qb6+ Qb5 63. Qd6 Qc4 64. Qb6+ Ka2 65.
Kg3 a3 66. Qa5 Kb3 67. Bc5 a2 68. Qa3+ Kc2 69. Bd4 Qxd4 70. Qxa2+ Qb2 0-1

[Event "M.Chigorin Memorial"]
[Site "St. Petersburg RUS"]
[Date "2009.10.19"]
[Round "4.52"]
[White "Yankovsky, Roman"]
[Black "Ovod, Evgenija"]
[Result "1-0"]
[WhiteElo "2314"]
[BlackElo "2447"]
[PlyCount "119"]
[EventDate "2009.??.??"]

1. e4 e5 2. Bc4 Nc6 3. Nf3 Bc5 4. O-O Nf6 5. d3 d6 6. c3 a6 7. Bb3 Ba7 8. Re1
O-O 9. h3 h6 10. Nbd2 Ne7 11. Nf1 Ng6 12. Be3 Bxe3 13. fxe3 d5 14. exd5 Nxd5
15. e4 Ndf4 16. d4 Qf6 17. Ne3 exd4 18. cxd4 c5 19. dxc5 Qxb2 20. Rb1 Qc3 21.
Rc1 Qd3 22. Bd5 Rb8 23. Rb1 Qxd1 24. Rbxd1 Bd7 25. Nc4 Bb5 26. Nd6 Nd3 27. Rxd3
Bxd3 28. Bxb7 Rbd8 29. e5 Rd7 30. c6 Rc7 31. Re3 Bb5 32. Nd4 Ne7 33. Rc3 Rb8
34. N4xb5 axb5 35. Nxb5 Rxc6 36. Rxc6 Rxb7 37. Rc5 Rb6 38. a4 Rc6 39. Rxc6 Nxc6
40. Kf2 Kf8 41. Ke3 Nxe5 42. Kd4 Nc6+ 43. Kc5 Na5 44. Nd4 g6 45. Nc6 Nb7+ 46.
Kd5 Ke8 47. a5 Kd7 48. a6 Nd6 49. a7 Nb5 50. Kc5 Nxa7 51. Nxa7 Ke6 52. Kd4 Kf5
53. Ke3 h5 54. Nb5 h4 55. Nd4+ Kg5 56. Nf3+ Kh5 57. Ke4 g5 58. Kf5 f6 59. Nh2
g4 60. hxg4+ 1-0

[Event "M.Chigorin Memorial"]
[Site "St. Petersburg RUS"]
[Date "2009.10.19"]
[Round "4.54"]
[White "Goganov, Aleksey"]
[Black "Molchanova, Tatjana"]
[Result "1-0"]
[WhiteElo "2442"]
[BlackElo "2316"]
[PlyCount "85"]
[EventDate "2009.??.??"]

1. d4 d5 2. c4 e6 3. Nc3 c6 4. Nf3 dxc4 5. e3 b5 6. a4 Bb4 7. Bd2 a5 8. axb5
Bxc3 9. Bxc3 cxb5 10. b3 Bb7 11. bxc4 b4 12. Bb2 Nf6 13. Bd3 O-O 14. O-O Nbd7
15. Re1 Ne4 16. Qc2 f5 17. c5 Qc7 18. Bb5 Bd5 19. Qa4 Ndf6 20. h3 g5 21. Ne5
Qg7 22. f3 g4 23. fxe4 gxh3 24. Re2 Nxe4 25. Bc6 Ng3 26. Rf2 h2+ 27. Kxh2 Qg5
28. Nf3 Qh6+ 29. Kxg3 f4+ 30. exf4 Qxf4+ 31. Kh3 Qh6+ 32. Nh4 Rxf2 33. Bxa8
Qe3+ 34. g3 Bxa8 35. Qe8+ Rf8 36. Qh5 Bd5 37. Bc1 Qxd4 38. Qg5+ Kh8 39. Bf4 Rf5
40. Qd8+ Kg7 41. Nxf5+ exf5 42. Qe7+ Kg8 43. Qe8+ 1-0

[Event "M.Chigorin Memorial"]
[Site "St. Petersburg RUS"]
[Date "2009.10.19"]
[Round "4.55"]
[White "Badmatsyrenov, Oleg"]
[Black "Gorkavij, Vadim"]
[Result "1-0"]
[WhiteElo "2437"]
[BlackElo "2314"]
[PlyCount "189"]
[EventDate "2009.??.??"]

1. e4 c5 2. Nf3 d6 3. d4 cxd4 4. Nxd4 Nf6 5. Nc3 a6 6. Bg5 e6 7. f4 h6 8. Bh4
Nbd7 9. Qf3 Qc7 10. O-O-O Be7 11. Qg3 g5 12. fxg5 Rg8 13. Be2 Ne5 14. Kb1 Nh7
15. Qe3 hxg5 16. Bg3 Bd7 17. Rhf1 O-O-O 18. Nb3 Nf6 19. a4 Kb8 20. Bf2 Nc6 21.
Nd4 Kc8 22. Bg3 Ne5 23. Nb3 Bc6 24. Qd4 Rh8 25. Qe3 Rhg8 26. Nd2 Qa5 27. Qd4
Rg6 28. Nc4 Nxc4 29. Bxc4 Qc5 30. Qd3 Rh6 31. Bb3 Qb4 32. Qe3 Qc5 33. Qe2 Qa5
34. h3 Rg6 35. Qd3 Rh6 36. Be1 Qc7 37. Qe3 Rg6 38. Bg3 Qa5 39. Qa7 Qc5 40. Qxc5
dxc5 41. Rde1 Rf8 42. Bc4 g4 43. Bf4 gxh3 44. gxh3 Rh8 45. Re3 Nd7 46. Bd3 e5
47. Bh2 Rg2 48. Rxf7 Rxh2 49. Rxe7 R8xh3 50. Rxh3 Rxh3 51. Bc4 Kd8 52. Re6 Rh4
53. Bd5 Bxd5 54. exd5 Rf4 55. Rh6 Kc7 56. b3 Rd4 57. Re6 Rd2 58. Kc1 Rd4 59.
Kb2 Rd2 60. Re7 Rd4 61. Rg7 Kd6 62. a5 Kc7 63. Na4 Rxd5 64. c4 Rd6 65. Nxc5 Kc6
66. Ne4 Rd4 67. Rg6+ Kc7 68. Nc3 Nc5 69. Nd5+ Kd7 70. Rg7+ Kd6 71. Rg6+ Kd7 72.
b4 Ne6 73. Rh6 Kd6 74. Kc3 Rg4 75. Ne3 Rf4 76. c5+ Kd7 77. Nd5 Rf7 78. Kc4 Rg7
79. Nb6+ Ke7 80. Kd5 Nd8 81. Ke4 Rg4+ 82. Kf3 Rd4 83. Ke3 Nf7 84. Rg6 Kf8 85.
b5 axb5 86. c6 bxc6 87. a6 Rd8 88. a7 Ke7 89. Rxc6 Nd6 90. a8=Q Rxa8 91. Nxa8
Nc4+ 92. Ke4 Kd7 93. Rh6 Nd6+ 94. Kd5 Nc8 95. Nb6+ 1-0

[Event "M.Chigorin Memorial"]
[Site "St. Petersburg RUS"]
[Date "2009.10.19"]
[Round "4.56"]
[White "Zanan, Evgeny"]
[Black "Bellaiche, Anthony"]
[Result "0-1"]
[WhiteElo "2111"]
[BlackElo "2435"]
[PlyCount "180"]
[EventDate "2009.??.??"]

1. d4 Nf6 2. c4 e6 3. g3 d5 4. Bg2 dxc4 5. Nf3 a6 6. O-O Nc6 7. e3 Bd7 8. Nc3
b5 9. Ne5 Nxe5 10. dxe5 Nd5 11. Nxd5 exd5 12. Qxd5 c6 13. Qe4 Bc5 14. Bd2 O-O
15. Bc3 Qe7 16. Rad1 Rac8 17. h3 Be6 18. Qf4 b4 19. Bd4 h6 20. Kh2 Rfd8 21. Qe4
Bxd4 22. exd4 Bd5 23. Qe3 Qe6 24. f4 Bxg2 25. Kxg2 f5 26. Rf2 Rd7 27. Rfd2 Rcd8
28. Qf3 Rd5 29. g4 c5 30. gxf5 Qxf5 31. Qe3 cxd4 32. Rxd4 Qc2+ 33. Kf3 Qxd1+
34. Rxd1 Rxd1 35. Qc5 c3 36. Qxb4 R8d4 37. Qb3+ Kh8 38. bxc3 Rf1+ 39. Ke3 Rdxf4
40. Qd5 Rf8 41. c4 Re8 42. Qd6 Re1+ 43. Kf4 Kg8 44. Qd5+ Kh7 45. Qd6 Kg8 46.
Qd5+ Kh7 47. c5 Rf8+ 48. Kg3 Rg1+ 49. Kh2 Rg6 50. h4 Rf2+ 51. Kh3 Re2 52. h5
Re3+ 53. Kh2 Rg5 54. c6 Rxh5+ 55. Kg2 Rhxe5 56. Qc4 R5e4 57. Qxa6 Rc3 58. Qc8
Re5 59. a4 Rec5 60. Kf2 Rxc6 61. Qf5+ Rg6 62. a5 Rcc6 63. Ke3 Rcf6 64. Qc2 Rc6
65. Qd3 Rc5 66. Qd8 Rc4 67. Qd3 Ra4 68. Qf5 Rag4 69. Qc8 R4g5 70. Qd8 Rg1 71.
Kd2 R1g3 72. Qe7 R3g5 73. Qd8 Rc5 74. Ke3 Rc1 75. Qd3 Ra1 76. Qf5 Ra4 77. Kd2
Rag4 78. Qc8 Rf4 79. Ke3 Rff6 80. Qc2 h5 81. Kd4 Kh6 82. Qd2+ Rg5 83. Kc4 Ra6
84. Qd8 Raxa5 85. Qh8+ Kg6 86. Qe8+ Kh7 87. Kd4 Rg6 88. Ke4 h4 89. Kf4 Rh5 90.
Qe2 Rhh6 0-1

[Event "M.Chigorin Memorial"]
[Site "St. Petersburg RUS"]
[Date "2009.10.19"]
[Round "4.57"]
[White "Zvjaginsev, Vadim"]
[Black "Kashtanov, Ruslan"]
[Result "1-0"]
[WhiteElo "2635"]
[BlackElo "2343"]
[PlyCount "57"]
[EventDate "2009.??.??"]

1. e4 c5 2. Nf3 d6 3. d4 Nf6 4. Bb5+ Bd7 5. Bxd7+ Qxd7 6. dxc5 Nxe4 7. cxd6
Nxd6 8. Nc3 Nc6 9. Bf4 O-O-O 10. O-O Qf5 11. Be3 e5 12. Qd5 Kb8 13. Rad1 Be7
14. Qb3 Nc8 15. Nd5 Bd6 16. c4 Qh5 17. c5 Bc7 18. Ng5 h6 19. Ne4 Qg6 20. Nec3
Ba5 21. Nb5 Qe6 22. f4 Nd4 23. Nxd4 exd4 24. Rxd4 Ne7 25. f5 Nxf5 26. c6 Bb6
27. Bf4+ Kc8 28. Nxb6+ axb6 29. Qa4 1-0

[Event "M.Chigorin Memorial"]
[Site "St. Petersburg RUS"]
[Date "2009.10.19"]
[Round "4.58"]
[White "Weisbuch, Udi"]
[Black "Sandipan, Chanda"]
[Result "0-1"]
[WhiteElo "2317"]
[BlackElo "2611"]
[PlyCount "86"]
[EventDate "2009.??.??"]

1. e4 c5 2. Nf3 e6 3. d3 Nc6 4. g3 d6 5. Bg2 Nf6 6. O-O Be7 7. Re1 O-O 8. c4
Nd7 9. Nc3 Nde5 10. a3 b6 11. Rb1 Bb7 12. h3 Nxf3+ 13. Bxf3 Qd7 14. Be3 Nd4 15.
Bg2 f5 16. f4 Bf6 17. Qd2 g6 18. Ne2 Rae8 19. b4 Bg7 20. b5 e5 21. Nc3 fxe4 22.
dxe4 Rf7 23. a4 Ref8 24. Rf1 exf4 25. gxf4 Bh6 26. Rf2 Qe7 27. Rbf1 Bg7 28. Nd5
Qh4 29. Nc3 Bc8 30. Kh2 g5 31. f5 Be5+ 32. Kg1 g4 33. Rf4 Bxf4 34. Rxf4 Rg7 35.
Rxg4 Rxg4 36. hxg4 Qxg4 37. Bxd4 cxd4 38. Qxd4 Bxf5 39. Qxd6 Qg6 40. Qh2 Qg7
41. exf5 Qxc3 42. Bd5+ Kh8 43. Qf2 Qc1+ 0-1

[Event "M.Chigorin Memorial"]
[Site "St. Petersburg RUS"]
[Date "2009.10.19"]
[Round "4.59"]
[White "Iordachescu, Viorel"]
[Black "Zubritskiy, Artyom"]
[Result "1-0"]
[WhiteElo "2607"]
[BlackElo "2342"]
[PlyCount "99"]
[EventDate "2009.??.??"]

1. e4 c5 2. Nf3 d6 3. d4 cxd4 4. Nxd4 Nf6 5. Nc3 a6 6. a4 Nc6 7. Be2 e5 8. Nf3
h6 9. O-O Be6 10. Re1 Be7 11. Bf1 Nb4 12. a5 b5 13. axb6 Qxb6 14. Bb5+ Bd7 15.
Bxd7+ Nxd7 16. Ne2 O-O 17. Ng3 Rfd8 18. Nf5 Bf8 19. c3 Nc6 20. Nd2 Nf6 21. Qf3
Nh7 22. Nf1 Re8 23. N1e3 Re6 24. Nd5 Qb7 25. b4 Be7 26. b5 axb5 27. Rxa8+ Qxa8
28. Nc7 Qb8 29. Nxe6 fxe6 30. Nxe7+ Nxe7 31. Ba3 Nf6 32. Qd3 Nc8 33. Rb1 Qa7
34. Bc1 d5 35. exd5 exd5 36. Qxb5 Nd6 37. Qb8+ Qxb8 38. Rxb8+ Kf7 39. Ba3 Nc4
40. Rb7+ Ke6 41. Bf8 Ne4 42. Bxg7 h5 43. Rb3 Ned2 44. Rb8 Ne4 45. f4 exf4 46.
Rf8 Ncd6 47. Rxf4 Nf5 48. Bd4 h4 49. Kf1 h3 50. g4 1-0

[Event "M.Chigorin Memorial"]
[Site "St. Petersburg RUS"]
[Date "2009.10.19"]
[Round "4.60"]
[White "Matlakov, Maxim"]
[Black "Rjabzev, Konstantin"]
[Result "1-0"]
[WhiteElo "2574"]
[BlackElo "2333"]
[PlyCount "77"]
[EventDate "2009.??.??"]

1. e4 e5 2. Nf3 Nc6 3. Bb5 a6 4. Ba4 Nf6 5. O-O Be7 6. d3 b5 7. Bb3 d6 8. a4
Bg4 9. c3 O-O 10. Nbd2 Na5 11. Bc2 b4 12. h3 Bh5 13. d4 Nd7 14. Re1 bxc3 15.
bxc3 Bf6 16. g4 Bg6 17. Nf1 Re8 18. g5 Be7 19. Ng3 exd4 20. h4 d3 21. Bxd3 f6
22. h5 Bf7 23. g6 hxg6 24. hxg6 Bxg6 25. e5 Bxd3 26. Qxd3 c6 27. exd6 Ne5 28.
Nxe5 fxe5 29. Ba3 Bh4 30. d7 Re6 31. Rad1 Bxg3 32. fxg3 Qb6+ 33. Kg2 Rd8 34.
Bb4 c5 35. Bxa5 Qxa5 36. Qd5 Qb6 37. Rxe5 Rxd7 38. Qa8+ Kh7 39. Qe4+ 1-0

[Event "M.Chigorin Memorial"]
[Site "St. Petersburg RUS"]
[Date "2009.10.19"]
[Round "4.61"]
[White "Yevseev, Denis"]
[Black "Ulanov, Alexandr"]
[Result "1-0"]
[WhiteElo "2541"]
[BlackElo "2312"]
[PlyCount "53"]
[EventDate "2009.??.??"]

1. Nf3 Nf6 2. c4 e6 3. g3 d5 4. d4 dxc4 5. Bg2 c5 6. O-O Nc6 7. Qa4 cxd4 8.
Nxd4 Qxd4 9. Bxc6+ Bd7 10. Rd1 Bxc6 11. Qxc6+ bxc6 12. Rxd4 Bc5 13. Rxc4 Bb6
14. Nc3 Ke7 15. b3 Rhd8 16. Ba3+ Ke8 17. Rc1 Rd2 18. Rxc6 Ng4 19. Bc5 Ne5 20.
Rd6 Rxd6 21. Bxd6 Ng4 22. Ne4 f5 23. h3 Ne3 24. Nc5 Rd8 25. Be5 Rd5 26. Nd3 Ra5
27. a4 1-0

[Event "M.Chigorin Memorial"]
[Site "St. Petersburg RUS"]
[Date "2009.10.19"]
[Round "4.62"]
[White "Orlov, Oleg"]
[Black "Zontakh, Andrey"]
[Result "0-1"]
[WhiteElo "2307"]
[BlackElo "2540"]
[PlyCount "52"]
[EventDate "2009.??.??"]

1. Nf3 Nf6 2. c4 e6 3. g3 d5 4. d4 Bb4+ 5. Bd2 Be7 6. Bg2 O-O 7. Qc2 c6 8. O-O
b6 9. Bf4 Ba6 10. Nbd2 Nbd7 11. Qa4 Bxc4 12. Nxc4 b5 13. Qa6 bxc4 14. Qxc6 Qb6
15. Qxb6 axb6 16. b3 b5 17. a4 cxb3 18. axb5 b2 19. Rab1 Ba3 20. Ne5 Ra5 21.
Nxd7 Nxd7 22. b6 Nxb6 23. Bc7 Rb5 24. Bxb6 Rxb6 25. Rfd1 Rc8 26. e3 Rc1 0-1

[Event "M.Chigorin Memorial"]
[Site "St. Petersburg RUS"]
[Date "2009.10.19"]
[Round "4.63"]
[White "Shinkevich, Vitaly"]
[Black "Ivanov, Rostislav"]
[Result "1-0"]
[WhiteElo "2496"]
[BlackElo "2287"]
[PlyCount "45"]
[EventDate "2009.??.??"]

1. Nf3 g6 2. d4 Bg7 3. c4 Nf6 4. Nc3 O-O 5. g3 d6 6. Bg2 c6 7. O-O Nbd7 8. e4
e5 9. b3 Re8 10. h3 a6 11. Be3 Qe7 12. Re1 exd4 13. Nxd4 Nc5 14. Qd2 Bd7 15.
Bg5 Rad8 16. Rad1 Ne6 17. Nxe6 Bxe6 18. Qf4 Bc8 19. Qh4 Qe5 20. Re3 Re6 21. b4
d5 22. exd5 Qxe3 23. fxe3 1-0

[Event "M.Chigorin Memorial"]
[Site "St. Petersburg RUS"]
[Date "2009.10.19"]
[Round "4.64"]
[White "Krylov, Mikhail"]
[Black "Valov, Ilya"]
[Result "1-0"]
[WhiteElo "2489"]
[BlackElo "2274"]
[PlyCount "85"]
[EventDate "2009.??.??"]

1. d4 Nf6 2. c4 e6 3. g3 c5 4. d5 exd5 5. cxd5 d6 6. Nc3 g6 7. Bg2 Bg7 8. Nf3
O-O 9. O-O Na6 10. Nd2 Rb8 11. a4 Nc7 12. Nc4 b5 13. axb5 Nxb5 14. Nxb5 Rxb5
15. Rxa7 Rb7 16. Ra3 Ng4 17. Na5 Rb6 18. h3 Ne5 19. f4 Ra6 20. fxe5 Rxa5 21.
Rxa5 Qxa5 22. exd6 Qb6 23. Qc2 Qxd6 24. Bf4 Qb6 25. Be3 Qxb2 26. Qxb2 Bxb2 27.
Bxc5 Re8 28. Kf2 Bf5 29. Rd1 Rc8 30. Bb6 Be5 31. d6 Bd7 32. Bc7 Kf8 33. g4 Kg7
34. Rb1 h6 35. Bd5 f5 36. Rb7 Kf6 37. Bb6 Ba4 38. d7 Bxd7 39. Rxd7 fxg4 40.
Bd8+ Kf5 41. Rf7+ Bf6 42. Bxf6 gxh3 43. Bd4+ 1-0

[Event "M.Chigorin Memorial"]
[Site "St. Petersburg RUS"]
[Date "2009.10.19"]
[Round "4.65"]
[White "Tihonov, Jurij"]
[Black "Kharashuta, Ekaterina"]
[Result "1-0"]
[WhiteElo "2460"]
[BlackElo "2257"]
[PlyCount "87"]
[EventDate "2009.??.??"]

1. Nf3 Nf6 2. c4 g6 3. Nc3 d5 4. Qa4+ c6 5. cxd5 Nxd5 6. Qd4 f6 7. e4 Nb6 8.
Qxd8+ Kxd8 9. d4 Be6 10. Bf4 N8d7 11. O-O-O Rc8 12. Bd3 Ke8 13. h3 h5 14. Kb1
Bh6 15. Bg3 Kf7 16. Rhe1 Rhe8 17. Bc2 Kg7 18. d5 Bg8 19. Nd4 c5 20. Ndb5 a6 21.
Nc7 Red8 22. Ne6+ Bxe6 23. dxe6 Ne5 24. Bxe5 fxe5 25. Nd5 Nxd5 26. exd5 Rf8 27.
Re2 Rcd8 28. Be4 Rf6 29. Rd3 Rd6 30. Rc3 b6 31. b4 cxb4 32. Rc7 Kf8 33. Rc8+
Kg7 34. Re8 Rf8 35. Rxe7+ Kf6 36. Rc7 Re8 37. h4 Re7 38. Rc8 g5 39. Rh8 Bg7 40.
Rxh5 Bf8 41. hxg5+ Kg7 42. Rc2 Rd8 43. g3 Kg8 44. f4 1-0

[Event "M.Chigorin Memorial"]
[Site "St. Petersburg RUS"]
[Date "2009.10.19"]
[Round "4.66"]
[White "Levin, Evgeny A"]
[Black "Poghosyan, Suren"]
[Result "1-0"]
[WhiteElo "2450"]
[BlackElo "2255"]
[PlyCount "59"]
[EventDate "2009.??.??"]

1. d4 e6 2. c4 d5 3. Nc3 Be7 4. Nf3 Nf6 5. Bg5 O-O 6. e3 h6 7. Bh4 b6 8. Qb3
Bb7 9. Bxf6 Bxf6 10. cxd5 exd5 11. Rd1 Re8 12. a3 c6 13. Bd3 Na6 14. O-O Nc7
15. Rfe1 Qd6 16. e4 dxe4 17. Nxe4 Qf4 18. Bb1 Nd5 19. g3 Qc7 20. Qc2 g6 21.
Nxf6+ Nxf6 22. Ba2 Kg7 23. Ne5 Re7 24. Bxf7 Rxf7 25. Qxg6+ Kf8 26. Qxh6+ Kg8
27. Qg6+ Kf8 28. d5 cxd5 29. Rc1 Qe7 30. Nxf7 1-0

[Event "M.Chigorin Memorial"]
[Site "St. Petersburg RUS"]
[Date "2009.10.19"]
[Round "4.67"]
[White "Lanin, Alexsej"]
[Black "Vunder, Andrey"]
[Result "1/2-1/2"]
[WhiteElo "2446"]
[BlackElo "2246"]
[PlyCount "26"]
[EventDate "2009.??.??"]

1. e4 c6 2. Nc3 d5 3. Nf3 Bg4 4. h3 Bh5 5. d3 e6 6. g4 Bg6 7. Qe2 Bb4 8. Bd2
Ne7 9. Nh4 Nd7 10. a3 Ba5 11. Bg2 dxe4 12. dxe4 Qc7 13. O-O h5 1/2-1/2

[Event "M.Chigorin Memorial"]
[Site "St. Petersburg RUS"]
[Date "2009.10.19"]
[Round "4.69"]
[White "Maevsky, Nikolay"]
[Black "Lovkov, Roman"]
[Result "1/2-1/2"]
[WhiteElo "2273"]
[BlackElo "2435"]
[PlyCount "85"]
[EventDate "2009.??.??"]

1. d4 Nf6 2. Nf3 e6 3. c4 Bb4+ 4. Bd2 a5 5. Nc3 Bxc3 6. Bxc3 Ne4 7. Rc1 d6 8.
g3 O-O 9. Bg2 Nd7 10. O-O Nxc3 11. Rxc3 Qe7 12. Qc2 e5 13. c5 dxc5 14. dxc5 Nf6
15. Nd2 c6 16. Rd1 Be6 17. Qa4 Rfd8 18. Rcc1 Rd4 19. Qc2 Rad8 20. Nf3 Rxd1+ 21.
Rxd1 Rxd1+ 22. Qxd1 Bd5 23. Qc2 Bxf3 24. Bxf3 Nd7 25. Qd2 a4 26. Qa5 Nxc5 27.
b4 axb3 28. axb3 g6 29. b4 Ne6 30. b5 cxb5 31. Qxb5 Nc5 32. Bd5 e4 33. e3 Nd3
34. Qxb7 Qf6 35. Qa8+ Kg7 36. Qa2 Qf5 37. Bc4 Qc5 38. Qa1+ Ne5 39. Be2 h5 40.
Qa8 Qc2 41. Qa1 Kf6 42. Qd1 Qc5 43. h4 1/2-1/2

[Event "M.Chigorin Memorial"]
[Site "St. Petersburg RUS"]
[Date "2009.10.19"]
[Round "4.70"]
[White "Smirnov, Artem"]
[Black "Karalkin, Maksim"]
[Result "1-0"]
[WhiteElo "2432"]
[BlackElo "2222"]
[PlyCount "107"]
[EventDate "2009.??.??"]

1. c4 c6 2. Nf3 d5 3. e3 Nf6 4. Nc3 a6 5. Qc2 e6 6. b3 Nbd7 7. Bb2 Bd6 8. d4
Qe7 9. Be2 O-O 10. O-O e5 11. dxe5 Nxe5 12. cxd5 cxd5 13. Rad1 Be6 14. Nd4 Rac8
15. Nf5 Bxf5 16. Qxf5 Qe6 17. Qxe6 fxe6 18. g3 Rc6 19. Rc1 Rfc8 20. Kg2 Ned7
21. Nb1 Be5 22. Ba3 Bd6 23. Bb2 Be5 24. Ba3 Bd6 25. Rxc6 Rxc6 26. Bxd6 Rxd6 27.
Rc1 Ne5 28. Rc8+ Kf7 29. Nc3 Rc6 30. Rxc6 Nxc6 31. f4 Ke7 32. Kf2 Kd6 33. Ke1
d4 34. exd4 Nxd4 35. Bd1 e5 36. Kd2 exf4 37. gxf4 h6 38. Kd3 Nc6 39. Ne4+ Nxe4
40. Kxe4 a5 41. a3 b6 42. h4 Ne7 43. Bh5 Nd5 44. Bf7 Ne7 45. h5 Nc6 46. Bc4 Kc5
47. Kf5 a4 48. Kg6 Nd4 49. Kxg7 axb3 50. Bxb3 Nxb3 51. Kxh6 Nd4 52. Kg6 Kd5 53.
h6 Ne6 54. Kf7 1-0

[Event "M.Chigorin Memorial"]
[Site "St. Petersburg RUS"]
[Date "2009.10.19"]
[Round "4.71"]
[White "Manukyan, Sargis V"]
[Black "Utegaliyev, Azamat"]
[Result "0-1"]
[WhiteElo "2199"]
[BlackElo "2427"]
[PlyCount "132"]
[EventDate "2009.??.??"]

1. d4 Nf6 2. c4 c5 3. d5 e6 4. Nc3 exd5 5. cxd5 d6 6. e4 g6 7. Be2 Bg7 8. Nf3
O-O 9. O-O Bg4 10. Nd2 Bxe2 11. Qxe2 Nbd7 12. a4 Qe7 13. f4 Rfe8 14. Qf3 c4 15.
Nxc4 Nxe4 16. Nxe4 Qxe4 17. Qxe4 Rxe4 18. Nxd6 Re2 19. f5 Ne5 20. f6 Bf8 21.
Nxb7 Rb8 22. Na5 Nd3 23. h3 Nxc1 24. Rfxc1 Rbxb2 25. Rc8 Rxg2+ 26. Kh1 Rh2+ 27.
Kg1 Rbg2+ 28. Kf1 Rd2 29. Kg1 Rhg2+ 30. Kh1 Rgf2 31. Nc4 Rxd5 32. Rb1 Rxf6 33.
Rbb8 Kg7 34. Rxf8 Rf3 35. Kg2 Rc3 36. Rfc8 Rd4 37. Ne5 Rd2+ 38. Kg1 Rg3+ 39.
Kf1 Rxh3 40. Kg1 Kf6 41. Ng4+ Kg5 42. Ne5 Re3 43. Nxf7+ Kf6 44. Rc6+ Kxf7 45.
Rb7+ Re7 46. Rcc7 Rde2 47. Rxa7 Kf6 48. Rxe7 Rxe7 49. Ra8 h5 50. Rf8+ Ke5 51.
Rf1 Ra7 52. Ra1 Ra5 53. Kh2 Kf5 54. Kg3 Kg5 55. Kf3 h4 56. Rg1+ Kh5 57. Ra1 g5
58. Ra2 g4+ 59. Kg2 Kg5 60. Ra1 h3+ 61. Kg3 Rc5 62. Kh2 Kh4 63. a5 g3+ 64. Kh1
h2 65. Kg2 Rc2+ 66. Kf3 g2 0-1

[Event "M.Chigorin Memorial"]
[Site "St. Petersburg RUS"]
[Date "2009.10.19"]
[Round "4.72"]
[White "Solovjov, Sergey I"]
[Black "Nuretdinov, Igor"]
[Result "1-0"]
[WhiteElo "2398"]
[BlackElo "2182"]
[PlyCount "85"]
[EventDate "2009.??.??"]

1. e4 g6 2. d4 Bg7 3. Nc3 d6 4. Bg5 c5 5. dxc5 Qa5 6. Qd2 Qxc5 7. Nd5 Be6 8.
Be3 Qc8 9. Bd4 Kf8 10. Nf3 Nc6 11. Bxg7+ Kxg7 12. Qc3+ Nf6 13. Nxf6 exf6 14.
O-O-O Ne5 15. Qxc8 Raxc8 16. Nd4 Rhd8 17. Be2 a6 18. Rd2 Kf8 19. Rhd1 Ke7 20.
b3 Nc6 21. f4 Nxd4 22. Rxd4 Rc5 23. R1d2 Rcc8 24. g4 Rc5 25. Kb2 h6 26. b4 Rc7
27. a4 Bc8 28. a5 Rcd7 29. c4 g5 30. f5 Re8 31. Bd1 Rdd8 32. Kc3 Rh8 33. Bb3
Rd7 34. Rd5 h5 35. Ba4 Rc7 36. gxh5 Rxh5 37. Rxd6 Rh3+ 38. R6d3 Rh8 39. c5 Kf8
40. Rd8+ Kg7 41. Rxh8 Kxh8 42. Rd8+ Kg7 43. Kd4 1-0

[Event "M.Chigorin Memorial"]
[Site "St. Petersburg RUS"]
[Date "2009.10.19"]
[Round "4.73"]
[White "Denisov, Ivan"]
[Black "Khuseinkhodzhaev, Muhammad"]
[Result "0-1"]
[WhiteElo "2208"]
[BlackElo "2391"]
[PlyCount "98"]
[EventDate "2009.??.??"]

1. e4 e5 2. Nf3 Nc6 3. Bb5 a6 4. Bxc6 dxc6 5. O-O f6 6. d4 exd4 7. Nxd4 c5 8.
Nb3 Qxd1 9. Rxd1 Bg4 10. f3 Be6 11. Nc3 Bd6 12. Be3 b6 13. a4 Kf7 14. Nd5 Rd8
15. a5 c4 16. Nd4 Bxd5 17. exd5 b5 18. Ne6 Rd7 19. Nc5 Bxc5 20. Bxc5 Nh6 21. d6
cxd6 22. Rxd6 Rxd6 23. Bxd6 Rd8 24. Bb4 Nf5 25. Kf2 Nd4 26. Rd1 Nc6 27. Rxd8
Nxd8 28. Ke3 Nc6 29. Be1 Ke6 30. Ke4 f5+ 31. Kf4 Nd4 32. Bc3 Nxc2 33. Bxg7 Nb4
34. Ke3 Nc6 35. Bc3 b4 36. Bd2 Kd5 37. g4 fxg4 38. fxg4 c3 39. bxc3 b3 40. Bc1
Nxa5 41. g5 Nc4+ 42. Kd3 a5 43. h4 a4 44. h5 a3 45. g6 hxg6 46. h6 Ne5+ 47. Kd2
b2 48. Bxb2 axb2 49. Kc2 g5 0-1

[Event "M.Chigorin Memorial"]
[Site "St. Petersburg RUS"]
[Date "2009.10.19"]
[Round "4.74"]
[White "Demina, Julia"]
[Black "Korchagina, Viktoria"]
[Result "1-0"]
[WhiteElo "2377"]
[BlackElo "2172"]
[PlyCount "87"]
[EventDate "2009.??.??"]

1. Nf3 Nf6 2. c4 g6 3. g3 Bg7 4. Bg2 O-O 5. O-O d6 6. d4 Nbd7 7. Nc3 e5 8. e4
a6 9. h3 b5 10. Qc2 c6 11. c5 Ne8 12. Bg5 f6 13. Be3 dxc5 14. dxc5 Qe7 15. Rfd1
Rf7 16. h4 Nf8 17. a4 b4 18. Ne2 a5 19. Nc1 f5 20. Ng5 Rf6 21. exf5 gxf5 22.
Qc4+ Be6 23. Nxe6 Qxe6 24. Qxe6+ Rxe6 25. Bh3 Rf6 26. Bg5 Rf7 27. Rd8 Rxd8 28.
Bxd8 e4 29. Bxa5 f4 30. Ne2 f3 31. Nf4 Bxb2 32. Re1 Nf6 33. Bxb4 Rb7 34. Ba5
Bd4 35. Bb6 Rg7 36. Kf1 e3 37. fxe3 Bc3 38. Rd1 Rxg3 39. Rd8 Kf7 40. Bc7 Rg8
41. a5 Ne4 42. a6 f2 43. a7 Be1 44. Ke2 1-0

[Event "M.Chigorin Memorial"]
[Site "St. Petersburg RUS"]
[Date "2009.10.19"]
[Round "4.75"]
[White "Ivanov, Sergey A"]
[Black "Samigullina, Diana"]
[Result "1-0"]
[WhiteElo "2375"]
[BlackElo "2152"]
[PlyCount "103"]
[EventDate "2009.??.??"]

1. e4 c6 2. d4 d5 3. exd5 cxd5 4. Bd3 Nc6 5. c3 Nf6 6. Bf4 Bg4 7. Nf3 e6 8. Qb3
Qc8 9. Nbd2 Be7 10. O-O O-O 11. Qc2 Bh5 12. Ne5 Bg6 13. Nxg6 hxg6 14. Rfe1 Nh5
15. Be3 Bd6 16. Nf3 Qc7 17. g3 Rac8 18. Qe2 a6 19. Bg5 Nf6 20. Ne5 Bxe5 21.
dxe5 Nd7 22. Bf4 Nc5 23. Bc2 Rfd8 24. Bg5 Re8 25. Rad1 b5 26. h4 Nd7 27. h5 Nf8
28. a3 d4 29. hxg6 fxg6 30. Bd2 Red8 31. Bb1 Rd5 32. Bf4 Rcd8 33. Ba2 Rc5 34.
cxd4 Nxd4 35. Qe4 Nc6 36. Rd6 g5 37. Rxe6 Kh8 38. Qh1+ Nh7 39. Bb1 g6 40. Bxg5
Rf8 41. Bxg6 Nd4 42. Bf6+ Kg8 43. Bxh7+ Qxh7 44. Qxh7+ Kxh7 45. Re7+ Kg6 46.
Re4 Rc4 47. Kg2 Nf5 48. Rxc4 bxc4 49. Rc7 Rb8 50. g4 Nd4 51. Rxc4 Ne6 52. b4
1-0